| 000 | 00909nac a22002777a 4500 | ||
|---|---|---|---|
| 001 | BR8300662 | ||
| 003 | BR-BrBNA | ||
| 005 | 20240105115618.0 | ||
| 008 | 230509b bl.|||m| |||| 00| 0 por d | ||
| 040 |
_aBR-BrBNA _bpor _cBiblioteca Nacional de Agricultura |
||
| 072 | _aS10 | ||
| 090 | _a9990 BR8300662 | ||
| 100 | 1 | _aModesta, R.C.D. | |
| 100 | 1 | _aCabral, L.C. | |
| 110 | 1 |
_aCentro de Tecnologia Agricola e Alimentar, Rio de Janeiro, RJ (Brasil) _91664 |
|
| 245 | 1 | _aEstudo de soja frita com diferentes sabores | |
| 246 | 1 | _a[Study of soybean fried with different flavours] | |
| 260 | 3 |
_aRio de Janeiro, RJ (Brasil): _c1982. |
|
| 300 | _a5 p. | ||
| 490 |
_aComunicado Tecnico - Centro de Tecnologia Agricola e Alimentar (Brazil) _vno. 2 _xISSN 0101-5508 |
||
| 500 | _a6 ref. | ||
| 650 | _aSOJA | ||
| 650 | _aSABOR | ||
| 909 |
_a202312 _bLúcia Elande _c55 _dLúcia Elande |
||
| 942 |
_2AGRIS _n0 _cMS |
||
| 999 |
_c275559 _d275559 |
||